Elementos básicos de costos industriales (Registro nro. 36463)

Detalles MARC
000 -LEADER
fixed length control field 01077 a2200217 4500
001 - CONTROL NUMBER
control field 63985
005 - DATE AND TIME OF LATEST TRANSACTION
control field 20260521160828.0
008 - FIXED-LENGTH DATA ELEMENTS--GENERAL INFORMATION
fixed length control field 260521a1998 arg spa d
003 - CONTROL NUMBER IDENTIFIER
control field AR-UNSa-BCEJYS
040 ## - CATALOGING SOURCE
Original cataloging agency AR-UNSa-BCEJYS
Language of cataloging spa
Transcribing agency AR-UNSa-BCEJYS
080 ## - UNIVERSAL DECIMAL CLASSIFICATION NUMBER
Universal Decimal Classification number 657.47
Common auxiliary subdivision Contabilidad de Costos
020 ## - INTERNATIONAL STANDARD BOOK NUMBER
International Standard Book Number 978-950-537-428-1
041 ## - LANGUAGE CODE
Language code of text/sound track or separate title spa
100 1# - MAIN ENTRY--PERSONAL NAME
Personal name Carro, Roberto Ricardo
245 10 - TITLE STATEMENT
Title Elementos básicos de costos industriales
264 #1 - PRODUCTION, PUBLICATION, DISTRIBUTION, MANUFACTURE, AND COPYRIGHT NOTICE
Place of production, publication, distribution, manufacture Buenos Aires :
Name of producer, publisher, distributor, manufacturer Ediciones Macchi
Date of production, publication, distribution, manufacture, or copyright notice 1998
300 ## - PHYSICAL DESCRIPTION
Extent xvi, 254 p.
Dimensions 22 cm.
505 ## - FORMATTED CONTENTS NOTE
Formatted contents note 1. La empresa y los costos – 2. Ciclos de la contabilidad de costos – 3. Materiales y materias primas – 4. Mano de obra directa – 5. Carga fabril – 6. Sistemas de costos – 7. Sistema de contabilidad de costos por órdenes especificas – 8. Sistema de contabilidad por procesos – 9. Costeo de la producción conjunta – 10. Costos estimados – 11. Costo estándar – 12. Los costos contables y los costos económicos – 13. Reportes a la dirección –
590 ## - LOCAL NOTE (RLIN)
Local note niveau_biblio:m niveau_hierar:0
942 ## - ADDED ENTRY ELEMENTS (KOHA)
Koha item type
Existencias
Withdrawn status Lost status Damaged status Not for loan Home library Current library Shelving location Date acquired Total checkouts Full call number Barcode Date last seen Price effective from Koha item type
        Biblioteca Prof. Eusebio Cleto del Rey Biblioteca Prof. Eusebio Cleto del Rey   21/05/2026   657.47 C319 L85433 21/05/2026 21/05/2026 Libro
        Biblioteca Prof. Eusebio Cleto del Rey Biblioteca Prof. Eusebio Cleto del Rey   21/05/2026   657.47 C319 L85434 21/05/2026 21/05/2026 Libro